El Salvador y Estados Unidos fortalecen su relación estratégica
En este editorial se trata de la situación general del El Salvador en el año 2010 -2011 (administración de Mauricio Funes), cuyo telón de fondo es la visita del presidente de los Estados Unidos de América, Barack Obama. Se discute el acto simbólico de Obama a la tumba de monseñor Romero.
Guardat en:
| Format: | Text |
|---|---|
| Matèries: | |
| Etiquetes: |
Afegir etiqueta
Sense etiquetes, Sigues el primer a etiquetar aquest registre!
|
MARC
| LEADER | 00000 a a2200000 04500 | ||
|---|---|---|---|
| 001 | 42278 | ||
| 003 | |||
| 040 | |||
| 245 | |a El Salvador y Estados Unidos fortalecen su relación estratégica | ||
| 520 | |a En este editorial se trata de la situación general del El Salvador en el año 2010 -2011 (administración de Mauricio Funes), cuyo telón de fondo es la visita del presidente de los Estados Unidos de América, Barack Obama. Se discute el acto simbólico de Obama a la tumba de monseñor Romero. | ||
| 590 | |a RRA/NOVIEMBRE2011 | ||
| 650 | |a 1.COMENTARIOS EDITORIALES | ||
| 650 | |a 2.EL SALVADOR | ||
| 650 | |a 3.CONDICIONES SOCIALES | ||
| 773 | |g volumen66, número724 ( , 2011), páginas 3-8 | ||
| 999 | |c 37790 |d 37790 | ||
